|
|
|
|
| LEADER |
00000naa2a2200000 4500 |
| 001 |
187577 |
| 005 |
20231031174030.0 |
| 035 |
|
|
|a (RuTPU)RU\TPU\book\203537
|
| 035 |
|
|
|a RU\TPU\tpu\2702
|
| 090 |
|
|
|a 187577
|
| 100 |
|
|
|a 20101118d1966 k y0rusy50 ca
|
| 101 |
0 |
|
|a rus
|
| 102 |
|
|
|a RU
|
| 200 |
1 |
|
|a Гидрогеологические условия разработки угольных месторождений в Кузнецком бассейне
|f Г. М. Рогов, Г. А. Плевако, Л. А. Соломко
|
| 463 |
|
0 |
|0 (RuTPU)RU\TPU\book\95719
|t Методика гидрогеологических исследований и ресурсы подземных вод Сибири и Дальнего Востока
|f Сибирское отделение АН СССР; Институт земной коры; под ред. Е. В. Пиннекера
|v С. 135-145
|d 1966
|p 359 с.
|
| 610 |
1 |
|
|a геолого-географические науки
|
| 610 |
1 |
|
|a труды учёных ТПУ
|
| 700 |
|
1 |
|a Рогов
|b Г. М.
|c российский гидрогеолог
|c профессор Томского политехнического университета
|c ректор ТГАСУ (1967-2005)
|f 1930-2008
|g Геннадий Маркелович
|2 stltpush
|3 (RuTPU)RU\TPU\pers\19857
|
| 701 |
|
1 |
|a Плевако
|b Г. А.
|
| 701 |
|
1 |
|a Соломко
|b Л. А.
|
| 801 |
|
0 |
|a RU
|b 63413507
|c 20011210
|g PSBO
|
| 801 |
|
2 |
|a RU
|b 63413507
|c 20101118
|g PSBO
|
| 942 |
|
|
|c BK
|